Największe miasta polski A-Z - Statystyki

Ogólne statystyki
  • Ten quiz został rozwiązany 952 razy
  • Średni wynik to 12 z 26
Statystyki odpowiedzi
Litera Miasto % Poprawnych
W Warszawa
96%
K Kraków
90%
G Gdańsk
87%
Ł Łódź
79%
P Poznań
79%
S Szczecin
74%
B Bydgoszcz
72%
L Lublin
70%
T Toruń
62%
R Radom
56%
E Elbląg
55%
O Olsztyn
55%
A Augustów
43%
Z Zabrze
43%
I Inowrocław
39%
F Frombork
28%
D Dąbrowa Górnicza
27%
J Jelenia Góra
25%
Ż Żory
24%
C Chorzów
22%
Ć Ćmielów
21%
N Nowy Sącz
18%
Ś Świdnica
17%
H Hajnówka
13%
U Ustroń
10%
M Mrągowo
2%
Nie znaleziono quizów pasujących do podanych kryteriów
Rozkład punktacji
Procent ludzi z każdym wynikiem
Percentyl według liczby udzielonych odpowiedzi
Twoja historia wyników
Nie rozwiązałeś tego quizu